5 Letter W Words (Photos) - Statistics

General Stats
  • This quiz has been taken 97 times
  • The average score is 16 of 20
Answer Stats
Picture Answer % Correct
Wheat
98%
World
98%
Wheel
96%
Write
96%
Water
93%
White
93%
Whale
91%
Wagon
90%
Watch
90%
Whisk
89%
Wreck
83%
Waltz
79%
Windy
76%
Wound
74%
Weave
71%
Women
71%
Whirl
60%
Whiff
55%
Woody
54%
Winch
26%
No matching quizzes found
Score Distribution
Percent of People with Each Score
Percentile by Number Answered
Your Score History
You have not taken this quiz